Eliminating Trouble Spots in Intercultural Communication

Saved in:
Bibliographic Details
Main Author: Bláhová, Mária
Format: Book Chapter
Language:English
Subjects:
Tags: Add Tag
No Tags, Be the first to tag this record!

MARC

LEADER 00000naa$a2200000$$$4500
001 0200441
005 20240502083509.7
041 0 |a eng 
044 |a RU 
245 1 0 |a Eliminating Trouble Spots in Intercultural Communication  |c Mária Bláhová 
610 2 0 |a komunikácia interkultúrna 
610 2 0 |a civilizácia 
610 2 0 |a vývoj 
610 2 0 |a globalizácia 
100 1 |a Bláhová, Mária